000 01280naa a22003497a 4500
001 BR9509922
003 BR-BrBNA
005 20240918181437.0
007 ta
008 230509b bl.||||| |||| 00| 0 por d
040 _aBR-BrBNA
_bpor
_cBiblioteca Nacional de Agricultura
041 _a(Pt)
072 _aF30
_b0140
090 _aF30 BR9509922
100 1 _aGodoy, R.
100 1 _aBatista, L.A.R.
100 1 _aSilva, A.M. da
100 1 _aBacchi, G.S.
100 1 _aBernardi, C.M.G.
100 1 _aAlliprandini, L.F.
111 1 _a15. Reuniao da Comissao Sulbrasileira de Pesquisa de Aveia
_cEntre Rios, PR (Brazil)
_d5-7 Apr 1995
245 1 _aEnsaio sulbrasileiro de cultivares recomendadas de aveia no Estado de Sao Paulo em 1994, Sao Carlos, Paranapanema e Maracai
260 3 _aGuarapuava, PR (Brasil):
_c1995.
500 _a15. Reuniao da Comissao Sulbrasileira de Pesquisa de Aveia Guarapuava, PR (Brasil): 1995. p. 78-82 (BR9509922-AM)F30
650 _aAveia
650 _aVariedade
650 _aCaracteristicas Agronomicas
650 _aSao Paulo
773 0 _t15. Reuniao da Comissao Sulbrasileira de Pesquisa de Aveia
_wF30 BR9509922
_gGuarapuava, PR (Brasil), 1995. p. 78-82
909 _a202404
_bLucia
_c55
_dLucia Elande
942 _cAM
_2AGRIS
999 _c325284
_d325284